[Event "UKR-ch 87th"]
[Site "Kiev"]
[Date "2018.12.20"]
[Round "9"]
[White "Ponomariov, Ruslan"]
[Black "Kuzubov, Yuriy"]
[Result "1/2-1/2"]
[WhiteElo "2663"]
[BlackElo "2655"]
[PlyCount "37"]
[EventDate "2018.12.11"]
[EventType "tourn"]
[EventRounds "9"]
[EventCountry "UKR"]
[EventCategory "15"]
[SourceTitle "CBM 187 Extra"]
[Source "ChessBase"]
[SourceDate "2018.11.04"]
[SourceVersion "1"]
[SourceVersionDate "2018.11.04"]
[SourceQuality "1"]

1. d4 Nf6 2. c4 e6 3. Nf3 d5 4. g3 dxc4 5. Bg2 Bb4+ 6. Bd2 c5 7. a3 Bxd2+ 8.
Nbxd2 cxd4 9. Nxc4 Nc6 10. O-O O-O 11. Rc1 d3 12. e3 b6 13. Ne1 Bb7 14. Nxd3
Rc8 15. Nb4 Nxb4 16. Bxb7 Rc7 17. axb4 Rxb7 18. Ne5 Qd5 19. Nc6 1/2-1/2

[Event "ESP-chT CECLUB Honor"]
[Site "Linares"]
[Date "2019.09.30"]
[Round "1.4"]
[White "Predke, Alexandr"]
[Black "Ponomariov, Ruslan"]
[Result "1/2-1/2"]
[WhiteElo "2657"]
[BlackElo "2675"]
[PlyCount "80"]
[EventDate "2019.09.30"]
[EventType "team-tourn"]
[EventRounds "7"]
[EventCountry "ESP"]
[SourceTitle "EXT 2020"]
[Source "ChessBase"]
[SourceDate "2019.10.17"]
[SourceVersion "1"]
[SourceVersionDate "2019.10.17"]
[SourceQuality "1"]
[WhiteTeam "Extremadura Magic"]
[BlackTeam "Beniajan Duochess CAC"]
[WhiteTeamCountry "ESP"]
[BlackTeamCountry "ESP"]

1. d4 d5 2. c4 c6 3. Nf3 Nf6 4. e3 Bg4 5. h3 Bxf3 6. Qxf3 e6 7. Nc3 Bb4 8. Bd3
Nbd7 9. O-O O-O 10. Rd1 Re8 11. Bf1 Nb6 12. c5 Nbd7 13. a3 Ba5 14. b4 Bc7 15.
b5 e5 16. Rb1 Nf8 17. bxc6 bxc6 18. Ba6 Rb8 19. Bb2 Ne6 20. Na2 exd4 21. Nb4
Nxc5 22. Nxc6 Qd6 23. Nxb8 Rxb8 24. Qf4 Qxf4 25. exf4 Nxa6 26. Bxd4 Bb6 27.
Bxb6 axb6 28. Rdc1 Nd7 29. Rc6 Nac5 30. Rd6 Ra8 31. Rxd5 Kf8 32. Rbd1 Rxa3 33.
Rxd7 Nxd7 34. Rxd7 g6 35. Rb7 Rb3 36. g4 Rxh3 37. Rxb6 Rh4 38. f3 h5 39. Kg2
hxg4 40. Kg3 Rh3+ 1/2-1/2

[Event "ESP-chT CECLUB Honor"]
[Site "Linares"]
[Date "2019.10.01"]
[Round "2.2"]
[White "Ponomariov, Ruslan"]
[Black "Moreno Ruiz, Javier"]
[Result "1-0"]
[WhiteElo "2675"]
[BlackElo "2478"]
[PlyCount "83"]
[EventDate "2019.09.30"]
[EventType "team-tourn"]
[EventRounds "7"]
[EventCountry "ESP"]
[SourceTitle "EXT 2020"]
[Source "ChessBase"]
[SourceDate "2019.10.17"]
[SourceVersion "1"]
[SourceVersionDate "2019.10.17"]
[SourceQuality "1"]
[WhiteTeam "Beniajan Duochess CAC"]
[BlackTeam "Collado Villalba"]
[WhiteTeamCountry "ESP"]
[BlackTeamCountry "ESP"]

1. e4 e5 2. Nf3 Nc6 3. Bb5 a6 4. Ba4 Nf6 5. O-O Be7 6. d3 b5 7. Bb3 d6 8. Bd2
O-O 9. h3 Be6 10. Nc3 Na5 11. Bxe6 fxe6 12. Ne2 Nc6 13. c3 Qd7 14. Ng3 d5 15.
Qe2 Bd6 16. d4 dxe4 17. Nxe4 exd4 18. cxd4 Rae8 19. Rfe1 Nxe4 20. Qxe4 Rf5 21.
Rac1 Rd5 22. g3 Bf8 23. Bf4 Bd6 24. Be3 Be7 25. Re2 Bf6 26. Rec2 e5 27. dxe5
Rd1+ 28. Rxd1 Qxd1+ 29. Kg2 Nxe5 30. Nd4 Qd3 31. Qd5+ Kh8 32. Rxc7 Nc4 33. Qe6
Nxe3+ 34. Qxe3 Qg6 35. Ne6 Qb1 36. Ng5 Rf8 37. Nf7+ Kg8 38. Qe6 h5 39. Ng5+ Kh8
40. Rc8 Be7 41. Rxf8+ Bxf8 42. Qf7 1-0

[Event "ESP-chT CECLUB Honor"]
[Site "Linares"]
[Date "2019.10.03"]
[Round "4.3"]
[White "Ponomariov, Ruslan"]
[Black "Naiditsch, Arkadij"]
[Result "1/2-1/2"]
[WhiteElo "2675"]
[BlackElo "2643"]
[PlyCount "118"]
[EventDate "2019.09.30"]
[EventType "team-tourn"]
[EventRounds "7"]
[EventCountry "ESP"]
[SourceTitle "EXT 2020"]
[Source "ChessBase"]
[SourceDate "2019.10.17"]
[SourceVersion "1"]
[SourceVersionDate "2019.10.17"]
[SourceQuality "1"]
[WhiteTeam "Beniajan Duochess CAC"]
[BlackTeam "Taldea Gros Xake"]
[WhiteTeamCountry "ESP"]
[BlackTeamCountry "ESP"]

1. d4 Nf6 2. c4 e6 3. Nf3 d5 4. Nc3 c5 5. cxd5 Nxd5 6. e3 Be7 7. Bd3 Nc6 8. O-O
O-O 9. a3 cxd4 10. exd4 Bf6 11. Be4 Nxc3 12. bxc3 Bd7 13. Qd3 h6 14. Bf4 Rc8
15. Ne5 Be8 16. Qe3 b6 17. Rad1 Qe7 18. Nc4 Bg5 19. d5 exd5 20. Rxd5 Bxf4 21.
Qxf4 Bd7 22. Nd6 Rcd8 23. Rfd1 Be6 24. R5d3 Na5 25. h4 Nc4 26. Nf5 Bxf5 27.
Qxf5 g6 28. Qf4 Rxd3 29. Rxd3 Qe5 30. Qxe5 Nxe5 31. Rd5 Re8 32. f3 Re7 33. a4
Nc4 34. h5 g5 35. Kf2 Kg7 36. g4 Nb2 37. a5 bxa5 38. Ke2 a4 39. Rb5 a3 40. Ra5
Nc4 41. Ra4 Ne5 42. Rxa3 Nxg4 43. fxg4 Rxe4+ 44. Kf3 Rf4+ 45. Kg3 Rc4 46. Rxa7
Rxc3+ 47. Kf2 Rc6 48. Ra5 Kf6 49. Rf5+ Ke6 50. Rf3 Rc2+ 51. Kg3 Rc6 52. Re3+
Kd7 53. Rf3 f6 54. Ra3 Kd6 55. Rd3+ Ke5 56. Re3+ Kd4 57. Re8 Rc3+ 58. Kf2 Rc2+
59. Kf3 Rc3+ 1/2-1/2

[Event "ESP-chT CECLUB Honor"]
[Site "Linares"]
[Date "2019.10.06"]
[Round "7.1"]
[White "Ponomariov, Ruslan"]
[Black "Abasov, Nijat Azad"]
[Result "1/2-1/2"]
[WhiteElo "2675"]
[BlackElo "2632"]
[PlyCount "53"]
[EventDate "2019.09.30"]
[EventType "team-tourn"]
[EventRounds "7"]
[EventCountry "ESP"]
[SourceTitle "EXT 2020"]
[Source "ChessBase"]
[SourceDate "2019.10.17"]
[SourceVersion "1"]
[SourceVersionDate "2019.10.17"]
[SourceQuality "1"]
[WhiteTeam "Beniajan Duochess CAC"]
[BlackTeam "Santa Lucia GranDama"]
[WhiteTeamCountry "ESP"]
[BlackTeamCountry "ESP"]

1. d4 Nf6 2. c4 e6 3. Nf3 b6 4. g3 Bb7 5. Bg2 Be7 6. Nc3 O-O 7. Bf4 Na6 8. O-O
Ne4 9. Nxe4 Bxe4 10. Ne5 Bxg2 11. Kxg2 d6 12. Nc6 Qd7 13. Nxe7+ Qxe7 14. Qa4 e5
15. dxe5 Nc5 16. Qa3 dxe5 17. Be3 Rfd8 18. Rfd1 c6 19. Rac1 Kf8 20. Bxc5 bxc5
21. Qa5 Rd4 22. e3 Rdd8 23. Qa4 Qc7 24. Qa3 Qe7 25. Qa4 Qc7 26. Qa3 Qe7 27. Qa4
1/2-1/2

[Event "EU-Cup 35th"]
[Site "Budva"]
[Date "2019.11.12"]
[Round "3.8"]
[White "Heimann, Andreas"]
[Black "Ponomariov, Ruslan"]
[Result "1-0"]
[WhiteElo "2617"]
[BlackElo "2648"]
[PlyCount "169"]
[EventDate "2019.11.10"]
[EventType "team-swiss"]
[EventRounds "7"]
[EventCountry "MNE"]
[SourceTitle "CBM 193 Extra"]
[Source "ChessBase"]
[SourceDate "2020.01.31"]
[SourceVersion "1"]
[SourceVersionDate "2020.01.31"]
[SourceQuality "1"]
[WhiteTeam "Riehen Schachgesellschaft"]
[BlackTeam "Lysa nad Labem Joly"]
[WhiteTeamCountry "SUI"]
[BlackTeamCountry "CZE"]

1. e4 c5 2. Nf3 d6 3. d4 cxd4 4. Nxd4 Nf6 5. Nc3 a6 6. Bg5 e6 7. f4 Qc7 8. Bxf6
gxf6 9. Qf3 Nc6 10. O-O-O Bd7 11. Nxc6 Qxc6 12. Kb1 h5 13. f5 Rh6 14. Bd3 h4
15. Qg4 O-O-O 16. Qg8 Qc5 17. Qxf7 Qe5 18. Bc4 exf5 19. exf5 Qxf5 20. Nd5 Kb8
21. Rhf1 Qe6 22. Nxf6 Qxf7 23. Bxf7 Bc8 24. h3 Bg7 25. Ng4 Rhh8 26. Rfe1 b5 27.
Be6 Bb7 28. Bd5 Bc8 29. Be6 Bb7 30. Bd5 Bc8 31. Re7 Rd7 32. Rde1 Rh5 33. Bf3
Rg5 34. Re8 Kc7 35. Ne3 Bb7 36. Bxb7 Kxb7 37. Ng4 b4 38. R8e2 a5 39. Nh2 Rg3
40. Ng4 Kc6 41. Rf1 Bd4 42. Rf4 Bc5 43. Kc1 Rg7 44. Kd1 Rg5 45. Ke1 a4 46. Kf1
Kb5 47. b3 axb3 48. axb3 Rg7 49. Rf3 Ra7 50. Rxg3 hxg3 51. Rd2 Rf7+ 52. Ke2 Kc6
53. Rd3 Re7+ 54. Kd2 d5 55. Rxg3 Bd4 56. Kd3 Kc5 57. Ne3 Re4 58. Rf3 Bc3 59.
Nf5 Re1 60. Rf2 Rd1+ 61. Ke2 Rc1 62. Kf3 d4 63. g4 d3 64. cxd3 Rb1 65. g5 Rxb3
66. g6 Ra3 67. Ke4 Ra6 68. d4+ Bxd4 69. Nxd4 Rxg6 70. Rc2+ Kb6 71. Rb2 Kc5 72.
Rc2+ Kb6 73. Kd5 Rg5+ 74. Kc4 Rh5 75. Rh2 Rh4 76. Kd3 Kc5 77. Nf3 Rf4 78. Ke3
Rc4 79. h4 b3 80. h5 Rc3+ 81. Ke4 Rc4+ 82. Kd3 Kb4 83. Rh4 Rxh4 84. Nxh4 Ka3
85. Nf3 1-0

[Event "EU-Cup 35th"]
[Site "Budva"]
[Date "2019.11.15"]
[Round "6.2"]
[White "Mamedyarov, Shakhriyar"]
[Black "Ponomariov, Ruslan"]
[Result "1-0"]
[WhiteElo "2772"]
[BlackElo "2648"]
[Annotator "Ftacnik,L"]
[PlyCount "99"]
[EventDate "2019.11.10"]
[EventType "team-swiss"]
[EventRounds "7"]
[EventCountry "MNE"]
[SourceTitle "CBM 193 Extra"]
[Source "ChessBase"]
[SourceDate "2020.01.31"]
[SourceVersion "1"]
[SourceVersionDate "2020.01.31"]
[SourceQuality "1"]
[WhiteTeam "Alkaloid"]
[BlackTeam "Lysa nad Labem Joly"]
[WhiteTeamCountry "MKD"]
[BlackTeamCountry "CZE"]

1. d4 Nf6 2. c4 e6 3. Nc3 Bb4 4. Nf3 c5 5. g3 cxd4 6. Nxd4 O-O 7. Bg2 d5 8. Nc2
Bxc3+ 9. bxc3 Qc7 10. cxd5 Nxd5 11. Nb4 $1 {The ballet of White's pieces
begins early in the game, since he has to compensate for the inferior pawn
structure.} Qxc3+ (11... Nxb4 12. cxb4 Rd8 13. Qb3 Nc6 14. O-O Nd4 15. Qb2 e5
16. Be3 Bg4 17. Rac1 (17. f3 Be6 18. Rad1 Qc4 19. Rd2 Rac8 20. f4 $11 {1-0 (25)
Sadorra,J (2539)-Vazquez,G (2436) chess.com INT 2018}) 17... Qd7 18. f3 Bh3 19.
Rfd1 Bxg2 20. Kxg2 Qe6 21. Rc7 $14 {1-0 (77) Yu,Y (2736)-So,W (2775) Doha 2015}
) 12. Bd2 Qc5 {[%mdl 4] Previously in the annotations to one game, 12...Qf6!?
got high marks as the move with a chance to fight for full equality.} (12...
Qf6 $5 13. Bxd5 (13. Nxd5 exd5 14. O-O Nc6 15. Bxd5 Rd8) 13... exd5 14. Nxd5
Qd8 15. Bf4 (15. Bb4 Re8 16. Ne7+ Kh8 $11) 15... Qa5+ 16. Qd2 Qxd2+ 17. Bxd2
Na6 $11) 13. Rc1 Qb5 $6 {Most generals are born after the battle (and each of
them knows better), but it might be modest enough to suggest that the most
natural 13...Qd6! was most likely also objectively best.} (13... Qd6 $1 14.
Nxd5 exd5 15. O-O Be6 16. Bf4 Qa6 17. Bxd5 Bxd5 18. Qxd5 Nc6 $11) 14. a4 Qd7
15. O-O Re8 (15... Nxb4 16. Bxb4 Re8 17. Qxd7 Nxd7 18. a5 $14) (15... Nc6 16.
Nxc6 bxc6 17. e4 $14) 16. Qb3 {Mamedyarov was hungry for more than the natural
and good move 16.Nxd5.} (16. Nxd5 exd5 17. Bc3 Nc6 (17... Rd8 18. Ba5 $16) 18.
Bxd5 Qe7 19. a5 $14) 16... Nb6 17. Rfd1 {Similar to some card games, in a game
with high stakes it is advisable to play the best you can. White certainly
considered also the more exact 17.Rc2!, but the problem was to choose the best
from the many alluring lines.} (17. Rc2 $1 Qxa4 18. Qxa4 Nxa4 19. Rfc1 Nd7 20.
Na6 Rd8 21. Bg5 Nf6 22. Bf4 $14) 17... Qxa4 18. Qb1 (18. Qxa4 Nxa4 19. Rxc8
Rxc8 20. Bxb7 Nd7 21. Ra1 Nab6 22. Nc6 Kf8 23. f3 a6 $11) 18... N8d7 19. Bc3 a5
20. Na2 {The engine knows best (at least we sometimes pretend or admit) and it
claims it is better to centralize the knight to c2.} (20. Nc2 $5 Nd5 21. Bxd5
exd5 22. Ne3 b5 23. Rxd5 Qe4 24. Qxb5 $14) 20... Nd5 21. Bb2 (21. Ba1 Ra6 22.
Nc3 Nxc3 23. Bxc3 e5 $11) 21... Qg4 22. Rd4 Qg6 23. e4 {White plays a bit
murky chess with piece activity for the missing two pawns, but so far the risk
is all with Black.} (23. Be4 f5 24. Bxd5 exd5 25. Nc3 Nb6 26. Nxd5 Nxd5 27.
Rxd5 Be6 28. Rb5 Qf7 $11) 23... Nb4 (23... N5f6 24. Nc3 Qh5 25. Ba3 Nf8 26. Nb5
e5 27. Rd3 Ne6 28. Nd6 Rd8 29. Bf3 Qh3 30. Bg2 Qh5 $11) 24. Nxb4 axb4 25. Rxc8
(25. Rxb4 Nb8 26. Qd3 Nc6 27. Rb5 $11) 25... Raxc8 26. Rxd7 Red8 {On paper
there is no tragedy in numbers as Black has rook and two pawns for the bishop
pair. Unfortunately, the two bishops are by far the strongest combination of
the two light pieces.} 27. Qd1 (27. Rxb7 $2 Qh5 $1 28. Bf1 (28. f3 Qc5+ 29. Kh1
Rd2 $19) 28... Qf3 29. Rxb4 Rd1 $19) 27... Qg5 28. h4 Rxd7 29. Qxd7 Rd8 (29...
Qd8 $1 30. Qxb7 Rb8 31. Qc6 $14) 30. Qc7 Qd2 (30... Rd1+ 31. Kh2 Qd8 32. Qe5
Qf8 (32... Qf6 33. Qc5 Qd8 34. Qxb4 $16) 33. Bd4 h6 34. Bf3 $16) 31. Bf3 {
Time might have easily played a role in White's ommitting the very attractive
line 31.Qe5!?} (31. Qe5 $5 f6 32. Qxe6+ Kf8 (32... Kh8 33. Qb6 $16) 33. Bf1 Re8
34. Qb3 Rxe4 35. Bd3 $16) 31... Kh8 (31... f6 32. e5 Rf8 33. exf6 gxf6 34. Bc1
Qc3 35. Qf4 b3 36. Bd2 Qd3 37. Be4 $16) 32. Kg2 (32. Be5 f6 33. Bf4 Qd7 34. Qb6
$16) 32... Rg8 33. Ba1 b3 34. Qxb7 Qa5 (34... Qc1 35. Bd4 Qd2 36. Qb6 Qc2 37.
g4 $14) 35. Bb2 Qa2 36. Bd4 f6 $2 {Pieces love to have the chance to play, to
be active and to do some damage. The weakening of Black's pawn structure is
more than welcome as the prospects for White are improving.} (36... Qd2 37. Qb6
$14) 37. e5 $1 f5 38. Qb6 Qd2 39. Bc6 {If anybody expects perfect play just
before the typical time control at move 40, they probably never played
competitive chess over the board. The move 39.Bh5 was attractive, but very
difficult to judge.} (39. Bh5 $5 f4 40. Bf7 Rf8 41. Bxe6 fxg3 42. Bc5 Re8 43.
Bf7 gxf2 44. Bxe8 b2 45. Bxf2 Qd5+ 46. Kh2 Qxe5+ 47. Kg1 Qxe8 48. Qxb2 $16)
39... f4 40. g4 Qd1 41. Bf3 Qd3 42. h5 h6 43. Bb2 Qc4 44. Ba3 (44. Qd6 Qc2 45.
Qd4 Rc8 46. Bb7 Re8 47. Be4 Qe2 48. Bf3 Qc2 49. Bd1 $16) 44... Rc8 (44... Re8
45. Qb7 Qc2 46. g5 hxg5 47. h6 Qh7 48. Qd7 $16) 45. Qd6 Kg8 {Ponomariov is
tired of taking care of all his weaknesses, so he exposes the king to peril.
Defending a passive worse position belongs to the most unrewarding tasks of
any chessplayer.} (45... Re8 46. Qd7 Rb8 47. Qa7 Rd8 (47... Re8 48. Qf7 $18)
48. Qf7 Qc2 49. Qxe6 b2 50. Bxb2 Qxb2 51. Qf5 Kg8 52. g5 $16) 46. Bb7 (46. Qe7
Rb8 47. g5 hxg5 48. h6 gxh6 49. Qf6 b2 50. Qg6+ Kh8 51. Qxh6+ Kg8 52. Qxg5+ Kh8
53. Qh6+ Kg8 54. Qg6+ Kh8 55. Be7 Qf1+ 56. Kxf1 b1=Q+ 57. Qxb1 Rxb1+ 58. Kg2
$18) 46... Re8 47. Bc6 Rc8 48. Bd7 Qe4+ 49. Kh2 Qe2 (49... Ra8 50. Bxe6+ Kh8
51. Bf5 Qe2 52. Bc5 $18) 50. Bc5 $1 {The bishops are supposed to play on both
flanks in the endgames, but the same is true in many middlegame situations.} (
50. Bc5 b2 51. Bxc8 b1=Q 52. Bxe6+ Kh7 53. Qf8 $18) 1-0

[Event "Bundesliga 1920"]
[Site "Germany"]
[Date "2020.02.08"]
[Round "5.7"]
[White "Hausrath, Daniel"]
[Black "Ponomariov, Ruslan"]
[Result "1/2-1/2"]
[WhiteElo "2480"]
[BlackElo "2648"]
[PlyCount "82"]
[EventDate "2019.11.23"]
[EventType "team-tourn"]
[EventRounds "15"]
[EventCountry "GER"]
[SourceTitle "CBM 194 Extra"]
[Source "ChessBase"]
[SourceDate "2020.03.31"]
[SourceVersion "1"]
[SourceVersionDate "2020.03.31"]
[SourceQuality "1"]
[WhiteTeam "Muelheim Nord"]
[BlackTeam "Hockenheim"]
[WhiteTeamCountry "GER"]
[BlackTeamCountry "GER"]

1. Nf3 Nf6 2. g3 b5 3. Bg2 Bb7 4. O-O e6 5. d3 d6 6. e4 Nbd7 7. a4 a6 8. axb5
axb5 9. Rxa8 Qxa8 10. Na3 c6 11. Re1 Be7 12. c3 O-O 13. Nd4 g6 14. Bg5 e5 15.
Ndc2 Re8 16. d4 Bf8 17. dxe5 dxe5 18. Qd2 Bg7 19. Bh6 Nc5 20. Bxg7 Kxg7 21. Qe3
Ne6 22. Nb4 Qb8 23. Rd1 Qc7 24. Nac2 h5 25. Ne1 h4 26. Nf3 hxg3 27. hxg3 Rh8
28. Ng5 Nxg5 29. Qxg5 Bc8 30. Qd2 Be6 31. Qd6 Qxd6 32. Rxd6 c5 33. Na6 Rc8 34.
f3 Nd7 35. Bf1 c4 36. Kf2 Kf8 37. Nb4 Nc5 38. Be2 Na4 39. Rd2 Ke7 40. Bd1 Nc5
41. Bc2 g5 1/2-1/2

[Event "Bundesliga 1920"]
[Site "Germany"]
[Date "2020.02.09"]
[Round "6.7"]
[White "Ponomariov, Ruslan"]
[Black "Nikolic, Predrag"]
[Result "1/2-1/2"]
[WhiteElo "2648"]
[BlackElo "2576"]
[PlyCount "50"]
[EventDate "2019.11.23"]
[EventType "team-tourn"]
[EventRounds "15"]
[EventCountry "GER"]
[SourceTitle "CBM 194 Extra"]
[Source "ChessBase"]
[SourceDate "2020.03.31"]
[SourceVersion "1"]
[SourceVersionDate "2020.03.31"]
[SourceQuality "1"]
[WhiteTeam "Hockenheim"]
[BlackTeam "Solingen"]
[WhiteTeamCountry "GER"]
[BlackTeamCountry "GER"]

1. e4 e6 2. f4 d5 3. e5 c5 4. Nf3 Nc6 5. c3 Nge7 6. Na3 Nf5 7. Nc2 Bd7 8. g3
Be7 9. Bh3 Qb6 10. d3 d4 11. O-O h5 12. Qe2 g6 13. Rf2 Rd8 14. Nd2 Bc8 15. c4
Nb4 16. Ne1 a5 17. a3 Nc6 18. a4 Nb4 19. Ne4 Bd7 20. Bf1 Bc6 21. Nf3 Kd7 22.
Nfg5 Rdf8 23. Ra3 Kc8 24. Bg2 Kb8 25. Bf3 Qc7 1/2-1/2

[Event "Salamanca Uni 9th"]
[Site "Salamanca"]
[Date "2019.11.27"]
[Round "1"]
[White "Hou, Yifan"]
[Black "Ponomariov, Ruslan"]
[Result "1/2-1/2"]
[WhiteElo "2659"]
[BlackElo "2648"]
[PlyCount "110"]
[EventDate "2019.11.27"]
[EventType "tourn"]
[EventRounds "7"]
[EventCountry "ESP"]
[EventCategory "12"]
[SourceTitle "EXT 2021"]
[Source "ChessBase"]
[SourceDate "2020.10.23"]
[SourceVersion "1"]
[SourceVersionDate "2020.10.23"]
[SourceQuality "1"]

1. e4 e5 2. Nf3 Nc6 3. Bb5 Nf6 4. d3 Bc5 5. Bxc6 dxc6 6. Nbd2 Bg4 7. Nc4 Nd7 8.
h3 Be6 9. Na5 Rb8 10. O-O f6 11. Qe1 O-O 12. Be3 Bxe3 13. Qxe3 c5 14. a3 c6 15.
b4 Qc7 16. Nd2 b6 17. Nab3 Qd6 18. bxc5 Nxc5 19. Nxc5 bxc5 20. Rfb1 Rb6 21. a4
Rfb8 22. Rxb6 axb6 23. a5 Ra8 24. Nb3 Bxb3 25. cxb3 Rxa5 26. Rxa5 bxa5 27. Qe2
Kf8 28. Qg4 Qxd3 29. Qc8+ Kf7 30. Qxc6 Qd4 31. g4 h6 32. Qc7+ Kg6 33. Qxa5 Qxe4
34. Qxc5 Qb1+ 35. Kg2 Qxb3 36. Qc6 Qd3 37. h4 e4 38. Qe6 Qf3+ 39. Kg1 Qf4 40.
Kg2 Qe5 41. Qxe5 fxe5 42. Kf1 h5 43. gxh5+ Kf5 44. Ke1 Kg4 45. Ke2 Kf4 46. h6
gxh6 47. h5 e3 48. f3 e4 49. fxe4 Kxe4 50. Ke1 Kf3 51. Kf1 Kg4 52. Ke2 Kf4 53.
Ke1 Kf3 54. Kf1 e2+ 55. Ke1 Ke3 1/2-1/2

[Event "Salamanca Uni 9th"]
[Site "Salamanca"]
[Date "2019.11.27"]
[Round "2"]
[White "Ponomariov, Ruslan"]
[Black "Vega Gutierrez, Sabrina Neide"]
[Result "1-0"]
[WhiteElo "2648"]
[BlackElo "2374"]
[PlyCount "81"]
[EventDate "2019.11.27"]
[EventType "tourn"]
[EventRounds "7"]
[EventCountry "ESP"]
[EventCategory "12"]
[SourceTitle "EXT 2021"]
[Source "ChessBase"]
[SourceDate "2020.10.23"]
[SourceVersion "1"]
[SourceVersionDate "2020.10.23"]
[SourceQuality "1"]

1. c4 e5 2. Nc3 Nc6 3. g3 g6 4. Bg2 Bg7 5. e3 d6 6. Nge2 Be6 7. Nd5 Nce7 8. Qb3
Rb8 9. d4 b5 10. Nxe7 Nxe7 11. d5 Bd7 12. e4 c6 13. Nc3 bxc4 14. Qxc4 cxd5 15.
Nxd5 Nxd5 16. Qxd5 Be6 17. Qd3 O-O 18. O-O Qc7 19. b3 Rfd8 20. Be3 Qa5 21. Rfd1
Bf8 22. h4 Rdc8 23. Kh2 Rc6 24. Qe2 Rbc8 25. Rac1 Rxc1 26. Rxc1 Rxc1 27. Bxc1
Qc3 28. Be3 a5 29. Qd2 Qxd2 30. Bxd2 a4 31. bxa4 Bxa2 32. a5 Bc4 33. Kg1 Bd3
34. Bb4 Be7 35. f3 f5 36. exf5 Bxf5 37. f4 exf4 38. a6 Bd8 39. Bd5+ Kg7 40.
Bc3+ Kh6 41. Bd4 1-0

[Event "Salamanca Uni 9th"]
[Site "Salamanca"]
[Date "2019.11.28"]
[Round "3"]
[White "Milliet, Sophie"]
[Black "Ponomariov, Ruslan"]
[Result "0-1"]
[WhiteElo "2394"]
[BlackElo "2648"]
[PlyCount "92"]
[EventDate "2019.11.27"]
[EventType "tourn"]
[EventRounds "7"]
[EventCountry "ESP"]
[EventCategory "12"]
[SourceTitle "EXT 2021"]
[Source "ChessBase"]
[SourceDate "2020.10.23"]
[SourceVersion "1"]
[SourceVersionDate "2020.10.23"]
[SourceQuality "1"]

1. e4 c5 2. Nf3 Nc6 3. Bb5 g6 4. Bxc6 dxc6 5. d3 Qc7 6. O-O e5 7. a4 f6 8. a5
Nh6 9. Nc3 Nf7 10. Be3 Rb8 11. Nd2 g5 12. Nc4 Be7 13. Qe2 O-O 14. f3 Nd8 15.
Qf2 Ne6 16. Ne2 b5 17. axb6 axb6 18. Ng3 Ng7 19. c3 Be6 20. b4 b5 21. Na5 cxb4
22. Bc5 Bxc5 23. Qxc5 bxc3 24. Nxc6 Qb6 25. Qxb6 Rxb6 26. Nb4 Rc8 27. Rfc1 c2
28. Nf1 Bb3 29. Ne3 Ne6 30. Nf5 Kf8 31. Ra7 Rc7 32. Ra3 Ba4 33. Nd5 Nf4 34. Kf1
Nxd5 35. exd5 b4 36. Rxa4 b3 37. Ra8+ Kf7 38. Nd6+ Rxd6 39. Rb8 Rc3 40. Rb7+
Kg6 41. Ke2 Rxd5 42. g4 Rdxd3 43. Ra1 Re3+ 44. Kf2 Rxf3+ 45. Kg2 Rf4 46. h3
c1=Q 0-1

[Event "Salamanca Uni 9th"]
[Site "Salamanca"]
[Date "2019.11.28"]
[Round "4"]
[White "Ponomariov, Ruslan"]
[Black "Iturrizaga Bonelli, Eduardo"]
[Result "1/2-1/2"]
[WhiteElo "2648"]
[BlackElo "2597"]
[PlyCount "70"]
[EventDate "2019.11.27"]
[EventType "tourn"]
[EventRounds "7"]
[EventCountry "ESP"]
[EventCategory "12"]
[SourceTitle "EXT 2021"]
[Source "ChessBase"]
[SourceDate "2020.10.23"]
[SourceVersion "1"]
[SourceVersionDate "2020.10.23"]
[SourceQuality "1"]

1. d4 Nf6 2. c4 e6 3. Nf3 Bb4+ 4. Bd2 a5 5. Nc3 b6 6. d5 O-O 7. a3 Bxc3 8. Bxc3
Ne4 9. Rc1 d6 10. e3 e5 11. Bd3 Nxc3 12. Rxc3 a4 13. Bc2 Bd7 14. h4 h6 15. Ng5
Na6 16. Qb1 f5 17. Ne6 Bxe6 18. dxe6 Nc5 19. Bxf5 Qf6 20. Bh7+ Kh8 21. f3 Qxe6
22. Be4 Rab8 23. Bd5 Qe8 24. O-O Qe7 25. g3 Qd7 26. Kg2 c6 27. Be4 d5 28. cxd5
cxd5 29. Rd1 d4 30. exd4 exd4 31. Rc4 Rbd8 32. Rd2 Nb3 33. Rd1 Nc5 34. Rd2 Nb3
35. Rd1 Nc5 1/2-1/2

[Event "Salamanca Uni 9th"]
[Site "Salamanca"]
[Date "2019.11.29"]
[Round "5"]
[White "Topalov, Veselin"]
[Black "Ponomariov, Ruslan"]
[Result "1/2-1/2"]
[WhiteElo "2736"]
[BlackElo "2648"]
[PlyCount "77"]
[EventDate "2019.11.27"]
[EventType "tourn"]
[EventRounds "7"]
[EventCountry "ESP"]
[EventCategory "12"]
[SourceTitle "EXT 2021"]
[Source "ChessBase"]
[SourceDate "2020.10.23"]
[SourceVersion "1"]
[SourceVersionDate "2020.10.23"]
[SourceQuality "1"]

1. c4 Nf6 2. Nc3 e5 3. Nf3 Nc6 4. d3 g6 5. Bg5 Bg7 6. e3 h6 7. Bh4 d6 8. Be2
Ne7 9. d4 Nf5 10. Bg3 Nxg3 11. hxg3 Qe7 12. Qa4+ c6 13. d5 Bd7 14. dxc6 bxc6
15. Rd1 O-O 16. Qa3 e4 17. Nd4 Qe5 18. Nb3 d5 19. Qa5 Rfc8 20. cxd5 Nxd5 21.
Nxd5 cxd5 22. Rd2 Be6 23. O-O Qc7 24. Qa4 Qb6 25. Rb1 Rc7 26. Nd4 Bd7 27. Qb3
Qxb3 28. Nxb3 Rb8 29. Bd1 Be6 30. Nd4 a5 31. Ne2 d4 32. Nxd4 Bxd4 33. exd4 Bxa2
34. Ra1 Bb3 35. Bxb3 Rxb3 36. Rxa5 Rd3 37. Re2 Rxd4 38. g4 Rb4 39. Re5 1/2-1/2